| 000 | 00767nam a2200253Ia 4500 | ||
|---|---|---|---|
| 005 | 20231206115938.0 | ||
| 008 | 131103s9999 xx 000 0 und d | ||
| 020 |
_a8185618747 _cRs.350 |
||
| 040 | _aLoreto College | ||
| 041 | _aEnglish | ||
| 082 |
_a396 _bFOR |
||
| 100 | _aFarbes,Geraldine | ||
| 245 |
_aWomen in Modern India, _cGaraldine Forbes |
||
| 260 |
_aCambridge _bCambridge University Press _c1996 |
||
| 300 |
_axix,289 p. _b illus. |
||
| 440 | _aThe New Cambridge History Of India ; No.iV.2 | ||
| 504 | _aIncludes bibliographical references and index | ||
| 630 | _aIndian Women - Social Conditions | ||
| 650 | _aWomen - Social Conditions | ||
| 651 | _aWomen Studies | ||
| 700 | _aJohnson,Gordon,series ed. | ||
| 850 | _aLCLIB | ||
| 942 | _cBK | ||
| 999 |
_c11320 _d61799 |
||